000 01508nam0a22003131 4500
001 rc\884903
005 20041129093836.6
035 _a(NLR Aleph) 006062078
090 _a4919853
_c4919853
100 _a20041129d1984 u |0rusy50 ca
101 0 _arus
102 _aRU
105 _aa |||||||||
200 1 _aГенетика признаков продуктивности яровых пшениц в Западной Сибири
_f[В.А. Драгавцев, Р.А. Цильке, Б.Г. Рейтер и др.]
_gОтв. ред. Д.К. Беляев
210 _aНовосибирск
_cНаука. Сиб. отд-ние
_d1984
215 _a230 с.
_cил.
_d22
300 _aЗагл. корешка: Генетика продуктивности яровых пшениц
300 _aАвт. указаны на обороте тит. л.
300 _aВ надзаг.: АН СССР, Сиб. отд-ние, Ин-т цитологии и генетики
320 _aБиблиогр.: с. 221-229
517 0 _aГенетика продуктивности яровых пшениц
701 1 _aДрагавцев
_bВ. А.
_gВиктор Александрович
702 1 _aБеляев
_bД. К.
_gДмитрий Константинович
_4340
712 0 2 _aИнститут цитологии и генетики
_cНовосибирск
_3RU\NLR\AUTH\882696
801 0 _aRU
_bNLR
_gpsbo
801 1 _aRU
_bELAR
_2rusmarc
852 _aNLR
_j85-5/1812
942 _cBOOK
980 _aNB